=LDR 00000nam 2200000 4500 =001 INLIS000000000019866 =005 20130612114900 =008 ***********************************Ind** =035 ##$$0010-061300000019866 =041 ##$$a Ind =082 ##$$a 828.999 318 =090 ##$$a 828.999 318, Hea n =100 ##$$a Heal, Jeanne =245 ##$$a New zealand Journey, Jeanne Heal =260 ##$$a 1963 $b =300 ##$$aaLondon =650 ##$$a 218 hlm, 31 cm =850 ##$$a Kesusastraan Inggris-Penulisan